000 00881nam a2200289 a 4500
001 9548
003 CO-ViMGA
008 141112s2004 ck r 000 u spa d
020 _a9586008320
040 _aCO-ViMGA
_bspa
_cCO-ViMGA
082 0 4 _a346.07 C121
100 1 _aCadavid Arango ; Luis Alberto, Horacio Valencia Madrid,
_910632
245 1 0 _aElementos de Derecho Comercial :
_bTributo y Contable
260 _aSantafé de Bogotá :
_bMcGraw Hill,
_c1998
300 _a290p.
650 1 4 _aACTOS COMERCIALES
_910633
650 1 4 _aBIENES MERCANTILES
_910634
650 1 4 _aCOMERCIANTE
_910635
650 1 4 _aCONTRATOS MERCANTILES
650 1 4 _aDERECHO TRIBUTARIO
_952985
650 1 4 _aEL AVAL
_910636
650 1 4 _aENTE ECONOMICO
_910637
650 1 4 _aLEASING
_95627
650 1 4 _aREGISTROS PUBLICOS
_910638
650 1 4 _aSOCIEDADES COMERCIALES
_96958
942 _2ddc
_cBK
999 _c21029
_d21029